Statistics for Guess the Taylor Swift Song 8

Click here to take the quiz!

General Stats

  • This quiz has been taken 62 times
  • The average score is 290 of 364

Answer Stats

Answer% Correct
I
100%
You
100%
you
100%
the
98%
your
96%
it
94%
me
94%
my
94%
an
93%
and
93%
And
93%
to
93%
is
91%
this
91%
This
91%
I'm
89%
it's
87%
of
87%
time
85%
when
85%
All
83%
all
83%
at
83%
In
83%
in
83%
Last
83%
last
83%
they
83%
like
81%
But
80%
for
80%
say
80%
was
80%
why
80%
how
78%
no
78%
No
78%
there
78%
wear
78%
go
76%
I've
76%
Just
76%
mine
74%
are
70%
been
70%
here
70%
got
69%
not
69%
oh
69%
Oh
69%
tell
67%
asking
63%
before
61%
door
61%
again
59%
back
59%
list
59%
name
59%
Put
59%
those
59%
top
59%
best
57%
eye
57%
leave
57%
let
57%
times
57%
won't
57%
blink
56%
Everything
56%
everything
56%
heart
56%
watch
56%
alone
54%
along
54%
better
54%
break
54%
come
54%
wrong
54%
apology
52%
eyes
50%
right
50%
sure
50%
anymore
48%
into
48%
lead
48%
myself
48%
room
48%
reasons
46%
road
46%
feels
44%
find
44%
hurt
44%
breaking
43%
open
43%
yourself
43%
Disappear
41%
home
41%
imagine
39%
hide
35%
past
35%
Nowhere
31%
aching
22%

Score Distribution

Percentile by Number Answered

Percent of People with Each Score

Your Score History

You have not taken this quiz